موسوعة البلدان المصرية / (رقم التسجيلة. 180336)

تفاصيل مارك
000 -LEADER
fixed length control field 01872namaa22003611i 4500
003 - CONTROL NUMBER IDENTIFIER
control field EG-GICUC
005 - DATE AND TIME OF LATEST TRANSACTION
control field 20260602122529.0
008 - FIXED-LENGTH DATA ELEMENTS--GENERAL INFORMATION
fixed length control field 260602m2013201uua ab||jr|||| 00| 0 ara d
017 ## - COPYRIGHT OR LEGAL DEPOSIT NUMBER
Copyright or legal deposit number 2013 / 24520 (v.2)
-- 2013 / 19095 (v.4)
-- 2013 / 19178 (v.7)
Assigning agency دار الكتب والوثائق القومية(مصر)
020 ## - INTERNATIONAL STANDARD BOOK NUMBER
International Standard Book Number 9789777186049 (v.2)
020 ## - INTERNATIONAL STANDARD BOOK NUMBER
International Standard Book Number 9789777043076 (v.4)
040 ## - CATALOGING SOURCE
Original cataloging agency EG-GiCUC
Language of cataloging ara
Transcribing agency EG-GiCUC
Modifying agency EG-GiCUC
Description conventions rda
082 04 - DEWEY DECIMAL CLASSIFICATION NUMBER
Edition number 21
Classification number 916.203
Item number M3971
092 04 - LOCALLY ASSIGNED DEWEY CALL NUMBER (OCLC)
Edition number 21
Classification number 916.203
Item number M3971
099 ## - LOCAL FREE-TEXT CALL NUMBER (OCLC)
Classification number 916.203 M3971 2013
100 1# - MAIN ENTRY--PERSONAL NAME
Personal name مشعل، جمال
Relator term مؤلف.
245 1# - TITLE STATEMENT
Title موسوعة البلدان المصرية /
Statement of responsibility, etc. جمال مشعل
250 ## - EDITION STATEMENT
Edition statement الطبعة الاولى
264 ## - PRODUCTION, PUBLICATION, DISTRIBUTION, MANUFACTURE, AND COPYRIGHT NOTICE
Place of production, publication, distribution, manufacture القاهرة (مصر) :
Name of producer, publisher, distributor, manufacturer المجلس الاعلى للثقافة،
Date of production, publication, distribution, manufacture, or copyright notice 2013-
300 ## - PHYSICAL DESCRIPTION
Extent : 4 مجلدات
Other physical details إيضاحيات، صور ؛
Dimensions 24 سم
336 ## - CONTENT TYPE
Source rdacontent
Content type term text
337 ## - MEDIA TYPE
Source rdamedia
Media type term Unmediated
338 ## - CARRIER TYPE
Source rdacarrier
Carrier type term volume
490 ## - SERIES STATEMENT
Series statement سلسلة إبداعات التفرغ ؛
Volume/sequential designation 74-79
500 ## - GENERAL NOTE
General note المكتبة تقتنى فقط المجلد الثانى والرابع والخامس والسابع
504 ## - BIBLIOGRAPHY, ETC. NOTE
Bibliography, etc. note يشتمل على ارجاعات ببليوجرافية
505 ## - FORMATTED CONTENTS NOTE
Formatted contents note المجلد الثانى. محافظات الوجه البحرى (الدقهليةودمياط) -- المجلد الرابع.محافظات الوجه البحرى (المنوفية-الغربية) --المجلد الخامس. محافظات الوجه البحرى (كفر الشيخ-البحيرة) -- المجلد السابع. محافظات (بنى سويف- المنيا)
541 ## - IMMEDIATE SOURCE OF ACQUISITION NOTE
Source of acquisition وزارة الثقافة ؛
Address القاهرة ؛
Method of acquisition إهداء ؛
Date of acquisition 2023.
650 17 - SUBJECT ADDED ENTRY--TOPICAL TERM
Topical term or geographic name entry element المدن
General subdivision تاريخ
Source of heading or term qrmak
651 1# - SUBJECT ADDED ENTRY--GEOGRAPHIC NAME
Source of heading or term qrmak
Geographic name مصر
Form subdivision موسوعات
General subdivision وصف ورحلات
905 ## - Cataloger and Reviser Names
Cataloger Name Huda
942 ## - ADDED ENTRY ELEMENTS (KOHA)
Source of classification or shelving scheme Dewey Decimal Classification
Koha item type Books
Edition 21
Suppress in OPAC No
المقتنيات
Withdrawn status Lost status Source of classification or shelving scheme Damaged status Not for loan Home library Current library Date acquired Inventory number Total checkouts Full call number Barcode Date last seen Price effective from Koha item type
    Dewey Decimal Classification   Not for loan المكتبة المركزبة الجديدة - جامعة القاهرة قاعة المراجع - الدور الثاني 02.06.2026 170370   916.203 M3971 2013 v.2 c.1 Ref. 01000100170370002 02.06.2026 02.06.2026 Reference
    Dewey Decimal Classification   Not for loan المكتبة المركزبة الجديدة - جامعة القاهرة قاعة المراجع - الدور الثاني 02.06.2026 170371   916.203 M3971 2013 v.2 c.2 Ref. 01000100170371002 02.06.2026 02.06.2026 Reference
    Dewey Decimal Classification   Not for loan المكتبة المركزبة الجديدة - جامعة القاهرة قاعة المراجع - الدور الثاني 02.06.2026 170372   916.203 M3971 2013 v.2 c.3 Ref. 01000100170372002 02.06.2026 02.06.2026 Reference
    Dewey Decimal Classification   Not for loan المكتبة المركزبة الجديدة - جامعة القاهرة قاعة المراجع - الدور الثاني 02.06.2026 170370   916.203 M3971 2013 v.4 c.1 Ref. 01000100170370004 02.06.2026 02.06.2026 Reference
    Dewey Decimal Classification   Not for loan المكتبة المركزبة الجديدة - جامعة القاهرة قاعة المراجع - الدور الثاني 02.06.2026 170371   916.203 M3971 2013 v.4 c.2 Ref. 01000100170371004 02.06.2026 02.06.2026 Reference
    Dewey Decimal Classification   Not for loan المكتبة المركزبة الجديدة - جامعة القاهرة قاعة المراجع - الدور الثاني 02.06.2026 170372   916.203 M3971 2013 v.4 c.3 Ref. 01000100170372004 02.06.2026 02.06.2026 Reference
    Dewey Decimal Classification   Not for loan المكتبة المركزبة الجديدة - جامعة القاهرة قاعة المراجع - الدور الثاني 02.06.2026 170370   916.203 M3971 2013 v.5 c.1 Ref. 01000100170370005 02.06.2026 02.06.2026 Reference
    Dewey Decimal Classification   Not for loan المكتبة المركزبة الجديدة - جامعة القاهرة قاعة المراجع - الدور الثاني 02.06.2026 170371   916.203 M3971 2013 v.5 c.2 Ref. 01000100170371005 02.06.2026 02.06.2026 Reference
    Dewey Decimal Classification   Not for loan المكتبة المركزبة الجديدة - جامعة القاهرة قاعة المراجع - الدور الثاني 02.06.2026 170372   916.203 M3971 2013 v.5 c.3 Ref. 01000100170372005 02.06.2026 02.06.2026 Reference
    Dewey Decimal Classification   Not for loan المكتبة المركزبة الجديدة - جامعة القاهرة قاعة المراجع - الدور الثاني 02.06.2026 170370   916.203 M3971 2013 v.7 c.1 Ref. 01000100170370007 02.06.2026 02.06.2026 Reference
    Dewey Decimal Classification   Not for loan المكتبة المركزبة الجديدة - جامعة القاهرة قاعة المراجع - الدور الثاني 02.06.2026 170371   916.203 M3971 2013 v.7 c.2 Ref. 01000100170371007 02.06.2026 02.06.2026 Reference
    Dewey Decimal Classification   Not for loan المكتبة المركزبة الجديدة - جامعة القاهرة قاعة المراجع - الدور الثاني 02.06.2026 170372   916.203 M3971 2013 v.7 c.3 Ref. 01000100170372007 02.06.2026 02.06.2026 Books
Cairo University Libraries Portal Implemented & Customized by: Eng. M. Mohamady Contacts: new-lib@cl.cu.edu.eg | cnul@cl.cu.edu.eg
CUCL logo CNUL logo
© All rights reserved — Cairo University Libraries
CUCL logo
Implemented & Customized by: Eng. M. Mohamady Contact: new-lib@cl.cu.edu.eg © All rights reserved — New Central Library
CNUL logo
Implemented & Customized by: Eng. M. Mohamady Contact: cnul@cl.cu.edu.eg © All rights reserved — Cairo National University Library